000 00803na a2200277 4500
001 12874
003 MIRAKIL
005 20181213154936.0
008 160927b tu 000 0
020 _a9757800643
035 _a12874
040 _aMilas
_btur
_cTR-AnCHP
082 _a291.42
_bJ25t 2001
090 _a291.42 J25t 2001
100 _aJampolsky, Gerald
245 _aTanrı'ya giden kestirme yollar
_cGerald Jampolsky ; Türkçesi Ayşe Dodanlı, Levent Kartal
246 _aTanrıya giden kestirme yollar
260 _aİstanbul
_bDharma Yayınları
_c2001
300 _a182 s.
_bres.
_c20 sm.
650 _aTanrı inancı
650 _aİman etmek
650 _aDinsel yaşam
_yAydınlanma dönemi
700 _aKartal, Levent
700 _aDodanlı, Ayşe
942 _2dcc
_cBKS
999 _c3576
_d3576